Southville International School and Colleges
Your cart is empty.
  • Cart
  • Lists
    Public lists Eva Luna New books Lux_list list_1
    Your lists Log in to create your own lists
  • Log in to your account
  • Your cookies
  • Search history
Southville International School and Colleges
  • Advanced search
  • Recent comments
  • Most popular
  • Libraries

Log in to your account

Log in with GOOGLE


If you do not have an external account, but do have a local account, you can still log in:

  1. Home
  2. MARC view: The debt-free lifestyle :
Normal view MARC view ISBD view

The debt-free lifestyle : (Record no. 344855)

[ view plain ]
MARC details
000 -LEADER
fixed length control field 00800nam a2200277Ia 4500
008 - FIXED-LENGTH DATA ELEMENTS--GENERAL INFORMATION
fixed length control field 171025s9999 xx 000 0 und d
020 ## - INTERNATIONAL STANDARD BOOK NUMBER
International Standard Book Number 4806523174343
050 ## - LIBRARY OF CONGRESS CALL NUMBER
Classification number 332.02
050 ## - LIBRARY OF CONGRESS CALL NUMBER
Item number L783 2015
100 ## - MAIN ENTRY--PERSONAL NAME
Personal name Liuson, Andrew I.
245 #4 - TITLE STATEMENT
Title The debt-free lifestyle :
245 ## - TITLE STATEMENT
Remainder of title ten principle that can revolutionize your life /
245 ## - TITLE STATEMENT
Statement of responsibility, etc by Andrew I. Liuson and Leah M. Darwin ; foreword by Steve B. Douglas.
250 ## - EDITION STATEMENT
Edition statement Revised edition.
260 ## - PUBLICATION, DISTRIBUTION, ETC. (IMPRINT)
Place of publication, distribution, etc Makati City, Philippines :
260 ## - PUBLICATION, DISTRIBUTION, ETC. (IMPRINT)
Name of publisher, distributor, etc Cross Over Books,
260 ## - PUBLICATION, DISTRIBUTION, ETC. (IMPRINT)
Date of publication, distribution, etc 2015
300 ## - PHYSICAL DESCRIPTION
Extent 216 pages :
300 ## - PHYSICAL DESCRIPTION
Other physical details illustrations ;
300 ## - PHYSICAL DESCRIPTION
Dimensions 18cm.
500 ## - GENERAL NOTE
General note Includes indexes and endnotes.
650 ## - SUBJECT ADDED ENTRY--TOPICAL TERM
Topical term or geographic name as entry element Personal finance.
700 ## - ADDED ENTRY--PERSONAL NAME
Personal name Darwin, Leah M.
700 ## - ADDED ENTRY--PERSONAL NAME
Personal name Douglas, Steve B.
700 ## - ADDED ENTRY--PERSONAL NAME
Personal name Title.
Holdings
Withdrawn status Lost status Damaged status Home library Current library Date acquired Total Checkouts Full call number Barcode Date last seen Price effective from Koha item type
      Stonyhurst Southville International School (Malarayat) Stonyhurst Southville International School (Malarayat) 10/25/2017   SHS 332.02 L783 2015 SSISM3908 10/25/2017 10/25/2017 Books

The debt-free lifestyle :

APA

Liuson A. I., Darwin L. M., Douglas S. B. & Title.The debt-free lifestyle. Makati City, Philippines: .

Chicago

Liuson Andrew I, Darwin Leah M, Douglas Steve B and Title.The debt-free lifestyle. Makati City, Philippines: .

Harvard

Liuson A. I., Darwin L. M., Douglas S. B. and Title.The debt-free lifestyle. Makati City, Philippines: .

MLA

Liuson Andrew I, Darwin Leah M, Douglas Steve B and Title.Makati City, Philippines: . .

  • Place hold
  • Print
  • Cite
  • Add to your cart (remove)
  • Save record
    BIBTEX Dublin Core MARCXML MARC (non-Unicode/MARC-8) MARC (Unicode/UTF-8) MARC (Unicode/UTF-8, Standard) MODS (XML) RIS
  • More searches
    Search for this title in:
    Other Libraries (WorldCat) Other Databases (Google Scholar) Online Stores (Bookfinder.com) Open Library (openlibrary.org)

Exporting to Dublin Core...

SOUTHVILLE LIBRARY

Southville International School and Colleges Library

1281 Tropical Ave. Cor. Luxembourg St., BF Homes International, Las Pinas City

Tel. No. 8256374 / 252358 Loc. 117/146

Powered by Koha